MARC

LEADER 00000nas a2200000 a 4500
001 ssj0001035
003 WaSeSS
005 20200512172242.0
006 m d
007 cr n
008 990910d19932012njumx pss 0 0eng c
010 |a sn 99048661  
022 |l 1070-4795  |y 1070-4795 
030 |a SMDPE8 
035 |a (WaSeSS)ssj0001035 
040 |a WAU  |b eng  |e pn  |c WAU  |d OCLCQ  |d DLC  |d OCLCQ  |d HNK  |d OCLCQ  |d UQ1  |d SERSO  |d OCLCQ  |d BUF  |d OCLCF  |d OCLCQ  |d NTG  |d WaSeSS 
042 |a pcc 
043 |a n-us--- 
050 1 4 |a Z699.A1 
130 0 |a Searcher (Medford, N.J. : Online) 
245 1 0 |a Searcher  |h [electronic resource] :  |b the magazine for database professionals. 
246 1 3 |a Searcher magazine 
260 |a Medford, NJ :  |b Information Today,  |c ©1993-©2012. 
310 |a Ten no. a year 
362 1 |a Print began with vol. 1, no. 1 (May 1993); ceased with vol. 20, no. 10 (Dec. 2012). 
506 |a License restrictions may limit access. 
538 |a Mode of access: World Wide Web. 
580 |a Merged with: Online; to form: Online searcher. 
588 |a Description based on: Vol. 6, no. 1 (Jan. 1998); title from journal home page (viewed Sept. 9, 1999). 
588 |a Latest issue consulted: Vol. 20, no. 10 (Dec. 2012) (publisher's Web site, viewed Sept. 3, 2013). 
650 0 |a Database searching  |z United States  |v Periodicals. 
650 0 |a Online databases  |z United States  |v Periodicals. 
650 7 |a Database searching.  |2 fast  |0 (OCoLC)fst00888058 
650 7 |a Online databases.  |2 fast  |0 (OCoLC)fst01045950 
650 7 |a Recherche sur Internet.  |2 rasuqam 
650 7 |a Base de données.  |2 rasuqam 
650 7 |a Base de données en ligne.  |2 rasuqam 
650 7 |a Recherche documentaire.  |2 rasuqam 
651 7 |a United States.  |2 fast  |0 (OCoLC)fst01204155 
651 7 |a États-Unis.  |2 rasuqam 
655 0 |a Electronic journals. 
776 0 8 |i Print version:  |t Searcher (Medford, N.J.)  |x 1070-4795  |w (DLC) 93640849  |w (OCoLC)28109010 
785 1 7 |t Online  |x 0146-5422  |w (DLC) 78640551  |w (OCoLC)2860390 
785 1 7 |t Online searcher (Medford, N.J.)  |w (OCoLC)849500886 
856 4 0 |z Full text available from Research Library: 01/01/1998 to 12/31/2012  |u https://search.proquest.com/publication/30977